| 000 | 01388nam a2200385 i 4500 | ||
|---|---|---|---|
| 001 | 70046 | ||
| 003 | Mx-PuUPA | ||
| 005 | 20230608113508.0 | ||
| 008 | 230607s2013 sp ad gr 001 0 spa d | ||
| 017 | _aM-7487-2013 | ||
| 020 | _a9788499694238 | ||
| 040 |
_aMx-PuUPA _bspa _cMx-PuUPA _dMx-PuUPA _erda |
||
| 041 | 0 | _aspa | |
| 100 | 1 |
_aLerma Puertas, Enrique, _914262 _eautor |
|
| 245 | 1 | 0 |
_aAplicación de nuevas técnicas en el diagnóstico citológico / _cEnrique Lerma Puertas, Lluis Catasús Colls, Cristina Pons Pérez |
| 264 | 1 |
_a[España] : _bEdiciones Díaz de Santos, _c[2013?] |
|
| 300 |
_a76 páginas : _bilustraciones, gráficas, tablas ; _c25 cm |
||
| 336 |
_2rdacontent _atexto _btxt |
||
| 337 |
_2rdamedia _asin medio _bn |
||
| 338 |
_2rdacarrier _avolumen _bnc |
||
| 490 | 0 |
_aCuadernos de Citopatología ; _v10 |
|
| 650 | 7 |
_2armarc _aCitología |
|
| 650 | 7 |
_2armarc _aCáncer |
|
| 650 | 7 |
_2armarc _aInmunología molecular |
|
| 650 | 7 |
_2armarc _aPatología molecular |
|
| 650 | 7 |
_2armarc _aPatología celular |
|
| 650 | 7 |
_2armarc _aCitodiagnóstico |
|
| 700 | 1 |
_aCatasús Colls, Lluis, _eautor |
|
| 700 | 1 |
_aPons Pérez, Cristina, _eautor |
|
| 942 |
_2ddc _cLI _h616.07582 _iL614 |
||
| 999 |
_c70046 _d70046 |
||